Pays ayant boycotté une édition des Jeux olympiques - Statistiques

Statistiques générales
  • Ce quiz a été pris 30 fois
  • Le résultat moyen est 29 sur 129
Statistiques - réponses
Année Indice Pays % Correct
1908 - Seulement l'escrime pour désaccord sur un règlement F France
96%
1928 - Athlètes féminines de ce pays pour obtenir plus de places pour les femmes R Royaume-Uni
73%
1936 - Contre le nazisme - Boycott partiel du pays avec présence d'une délégation officielle aux JO B Belgique
58%
1936 - Contre le nazisme - Boycott partiel du pays avec présence d'une délégation officielle aux JO D Danemark
58%
1936 - Contre le nazisme - Boycott total du pays E Espagne
58%
1936 - Contre le nazisme - Boycott partiel du pays avec présence d'une délégation officielle aux JO C Canada
50%
1936 - Contre le nazisme - Boycott partiel du pays avec présence d'une délégation officielle aux JO F France
50%
1956 - Protestation contre la présence d'une délégation de Taïwan C Chine
46%
1936 - Contre le nazisme - Boycott partiel du pays avec présence d'une délégation officielle aux JO H Hongrie
46%
1936 - Contre le nazisme - Boycott partiel du pays avec présence d'une délégation officielle aux JO S Suisse
46%
1936 - Contre le nazisme - Boycott partiel du pays avec présence d'une délégation officielle aux JO G Grèce
42%
1956 - Protestation contre la présence d'Israël après l'affaire de Suez L Liban
42%
1936 - Contre le nazisme - Boycott partiel du pays avec présence d'une délégation officielle aux JO N Norvège
42%
1936 - Contre le nazisme - Boycott partiel du pays avec présence d'une délégation officielle aux JO P Portugal
42%
1936 - Contre le nazisme - Boycott partiel du pays avec présence d'une délégation officielle aux JO T* Tchécoslovaquie
42%
1976 - Protestation contre la présence d'une délégation de Taïwan C Chine
38%
1956 - Protestation contre la présence d'Israël après l'affaire de Suez E Egypte
38%
1956 - Protestation contre l'invasion soviétique en Hongrie E Espagne
38%
1956 - Protestation contre la présence d'Israël après l'affaire de Suez I Irak
38%
1936 - Contre le nazisme - Boycott total du pays M Maroc
38%
1936 - Contre le nazisme - Boycott partiel du pays avec présence d'une délégation officielle aux JO E Etats-Unis
35%
1936 - Contre le nazisme - Boycott partiel du pays avec présence d'une délégation officielle aux JO R Royaume-Uni
35%
1936 - Contre le nazisme - Boycott partiel du pays avec présence d'une délégation officielle aux JO S Suède
35%
1956 - Protestation contre l'invasion soviétique en Hongrie S Suisse
35%
1936 - Contre le nazisme - Boycott total du pays A Algérie
31%
1980 - Protestation contre l'invasion de l'Afghanistan par l'URSS C Canada
31%
1976 - A cause de la présence de la Nouvelle-Zélande qui est accusée de soutenir l'apartheid G Gabon
31%
1984 - Protestation contre le boycott de 1980 T* Tchécoslovaquie
31%
1984 - Protestation contre le boycott de 1980 V Vietnam
31%
1976 - A cause de la présence de la Nouvelle-Zélande qui est accusée de soutenir l'apartheid A Algérie
27%
1976 - A cause de la présence de la Nouvelle-Zélande qui est accusée de soutenir l'apartheid K Kenya
27%
1984 - Protestation contre le boycott de 1980 U* URSS
27%
1984 - Protestation contre le boycott de 1980 A Afghanistan
23%
1984 - Protestation contre le boycott de 1980 A Albanie
23%
1984 - Protestation contre le boycott de 1980 A* Allemagne de l'est
23%
1980 - Protestation contre l'invasion de l'Afghanistan par l'URSS A* Allemagne de l'Ouest
23%
1980 - Protestation contre l'attaque d'un pays musulman par l'URSS A Arabie Saoudite
23%
1984 - Protestation contre le boycott de 1980 B Bulgarie
23%
1984 - Protestation contre le boycott de 1980 C Corée-du-Nord
23%
1988 - La Corée du Nord demande au CIO que les deux Corées soient traitées également pour l'organisation des jeux, après refus, elle se retire et est suivi par quelques pays C Corée-du-Nord
23%
1984 - Protestation contre le boycott de 1980 C Cuba
23%
1988 - La Corée du Nord demande au CIO que les deux Corées soient traitées également pour l'organisation des jeux, après refus, elle se retire et est suivi par quelques pays C Cuba
23%
1976 - A cause de la présence de la Nouvelle-Zélande qui est accusée de soutenir l'apartheid E Egypte
23%
1980 - Protestation contre l'invasion de l'Afghanistan par l'URSS E Etats-Unis
23%
1980 - Protestation contre l'invasion de l'Afghanistan par l'URSS F Fidji
23%
1980 - Protestation contre l'attaque d'un pays musulman par l'URSS I Iran
23%
1976 - A cause de la présence de la Nouvelle-Zélande qui est accusée de soutenir l'apartheid L Libye
23%
1980 - Protestation contre l'invasion de l'Afghanistan par l'URSS R / Z* RD Congo | Zaïre
23%
1976 - A cause de la présence de la Nouvelle-Zélande qui est accusée de soutenir l'apartheid S Soudan
23%
1976 - A cause de la présence de la Nouvelle-Zélande qui est accusée de soutenir l'apartheid T Tunisie
23%
1980 - Protestation contre l'invasion de l'Afghanistan par l'URSS U Uruguay
23%
1988 - La Corée du Nord demande au CIO que les deux Corées soient traitées également pour l'organisation des jeux, après refus, elle se retire et est suivi par quelques pays A Albanie
19%
1980 - Protestation contre l'invasion de l'Afghanistan par l'URSS A Argentine
19%
1976 - A cause de la présence de la Nouvelle-Zélande qui est accusée de soutenir l'apartheid C Cameroun
19%
1980 - Protestation contre l'attaque d'un pays musulman par l'URSS E Egypte
19%
1976 - A cause de la présence de la Nouvelle-Zélande qui est accusée de soutenir l'apartheid E Ethiopie
19%
1984 - Protestation contre le boycott de 1980 E Ethiopie
19%
1988 - La Corée du Nord demande au CIO que les deux Corées soient traitées également pour l'organisation des jeux, après refus, elle se retire et est suivi par quelques pays E Ethiopie
19%
1976 - A cause de la présence de la Nouvelle-Zélande qui est accusée de soutenir l'apartheid G Ghana
19%
1980 - Protestation contre l'invasion de l'Afghanistan par l'URSS H Honduras
19%
1984 - Protestation contre le boycott de 1980 H Hongrie
19%
1980 - Protestation contre l'attaque d'un pays musulman par l'URSS I Indonésie
19%
1980 - Protestation contre l'invasion de l'Afghanistan par l'URSS J Japon
19%
1980 - Protestation contre l'invasion de l'Afghanistan par l'URSS K Kenya
19%
1984 - Protestation contre le boycott de 1980 L Laos
19%
1976 - A cause de la présence de la Nouvelle-Zélande qui est accusée de soutenir l'apartheid M Madagascar
19%
1984 - Protestation contre le boycott de 1980 M Mongolie
19%
1976 - A cause de la présence de la Nouvelle-Zélande qui est accusée de soutenir l'apartheid N Niger
19%
1976 - A cause de la présence de la Nouvelle-Zélande qui est accusée de soutenir l'apartheid N Nigeria
19%
1980 - Protestation contre l'attaque d'un pays musulman par l'URSS P Pakistan
19%
1936 - Contre le nazisme - Boycott partiel du pays avec présence d'une délégation officielle aux JO P Pays-Bas
19%
1956 - Protestation contre l'invasion soviétique en Hongrie P Pays-Bas
19%
1984 - Protestation contre le boycott de 1980 P Pologne
19%
1980 - Protestation contre l'invasion de l'Afghanistan par l'URSS S Salvador
19%
1976 - A cause de la présence de la Nouvelle-Zélande qui est accusée de soutenir l'apartheid T Tchad
19%
1980 - Protestation contre l'attaque d'un pays musulman par l'URSS T Tunisie
19%
1980 - Protestation contre l'attaque d'un pays musulman par l'URSS T Turquie
19%
1984 - Protestation contre le boycott de 1980 Y* Yémen du sud
19%
1980 - Protestation contre l'attaque d'un pays musulman par l'URSS A Albanie
15%
1984 - Protestation contre le boycott de 1980 A Angola
15%
1980 - Protestation contre l'attaque d'un pays musulman par l'URSS B Bahreïn
15%
1980 - Protestation contre l'attaque d'un pays musulman par l'URSS B Bangladesh
15%
1980 - Protestation contre l'invasion de l'Afghanistan par l'URSS B Bolivie
15%
1980 - Protestation contre l'invasion de l'Afghanistan par l'URSS C Chili
15%
1980 - Protestation contre l'attaque d'un pays musulman par l'URSS E Emirats arabes unis
15%
1980 - Protestation contre l'invasion de l'Afghanistan par l'URSS G Gabon
15%
1976 - A cause de la présence de la Nouvelle-Zélande qui est accusée de soutenir l'apartheid G Gambie
15%
1980 - Protestation contre l'invasion de l'Afghanistan par l'URSS H Haïti
15%
1976 - A cause de la présence de la Nouvelle-Zélande qui est accusée de soutenir l'apartheid I Irak
15%
1980 - Protestation contre l'invasion de l'Afghanistan par l'URSS I Israël
15%
1980 - Protestation contre l'invasion de l'Afghanistan par l'URSS L Liberia
15%
1988 - La Corée du Nord demande au CIO que les deux Corées soient traitées également pour l'organisation des jeux, après refus, elle se retire et est suivi par quelques pays M Madagascar
15%
1976 - A cause de la présence de la Nouvelle-Zélande qui est accusée de soutenir l'apartheid M Mali
15%
1980 - Protestation contre l'attaque d'un pays musulman par l'URSS M Maroc
15%
1980 - Protestation contre l'attaque d'un pays musulman par l'URSS M Mauritanie
15%
1988 - La Corée du Nord demande au CIO que les deux Corées soient traitées également pour l'organisation des jeux, après refus, elle se retire et est suivi par quelques pays N Nicaragua
15%
1980 - Protestation contre l'invasion de l'Afghanistan par l'URSS N Norvège
15%
1980 - Protestation contre l'invasion de l'Afghanistan par l'URSS P Paraguay
15%
1980 - Protestation contre l'invasion de l'Afghanistan par l'URSS S Suriname
15%
1980 - Protestation contre l'invasion de l'Afghanistan par l'URSS A Antigua-et-Barbuda
12%
1980 - Protestation contre l'invasion de l'Afghanistan par l'URSS B Bahamas
12%
1980 - Protestation contre l'invasion de l'Afghanistan par l'URSS B Barbade
12%
1980 - Protestation contre l'invasion de l'Afghanistan par l'URSS B Belize
12%
1980 - Protestation contre l'invasion de l'Afghanistan par l'URSS C Chine
12%
1980 - Protestation contre l'invasion de l'Afghanistan par l'URSS C Corée-du-Sud
12%
1980 - Protestation contre l'attaque d'un pays musulman par l'URSS C Côte d'ivoire
12%
1980 - Protestation contre l'attaque d'un pays musulman par l'URSS G Gambie
12%
1980 - Protestation contre l'attaque d'un pays musulman par l'URSS M Malaisie
12%
1976 - A cause de la présence de la Nouvelle-Zélande qui est accusée de soutenir l'apartheid M Malawi
12%
1980 - Protestation contre l'invasion de l'Afghanistan par l'URSS M Monaco
12%
1980 - Protestation contre l'attaque d'un pays musulman par l'URSS N Niger
12%
1980 - Protestation contre l'attaque d'un pays musulman par l'URSS S Somalie
12%
1980 - Protestation contre l'attaque d'un pays musulman par l'URSS S Soudan
12%
1980 - Protestation contre l'invasion de l'Afghanistan par l'URSS T Togo
12%
1980 - Protestation contre l'invasion de l'Afghanistan par l'URSS E Eswatini
8%
1980 - Protestation contre l'invasion de l'Afghanistan par l'URSS G Ghana
8%
1976 - A cause de la présence de la Nouvelle-Zélande qui est accusée de soutenir l'apartheid G Guyana
8%
1980 - Protestation contre l'invasion de l'Afghanistan par l'URSS L Liechtenstein
8%
1980 - Protestation contre l'invasion de l'Afghanistan par l'URSS M Malawi
8%
1980 - Protestation contre l'invasion de l'Afghanistan par l'URSS M Maurice
8%
1980 - Protestation contre l'attaque d'un pays musulman par l'URSS P Papouasie-Nouvelle-Guinée
8%
1980 - Protestation contre l'invasion de l'Afghanistan par l'URSS P Philippines
8%
1988 - La Corée du Nord demande au CIO que les deux Corées soient traitées également pour l'organisation des jeux, après refus, elle se retire et est suivi par quelques pays S Seychelles
8%
1980 - Protestation contre l'invasion de l'Afghanistan par l'URSS S Singapour
8%
1980 - Protestation contre l'invasion de l'Afghanistan par l'URSS T Taïwan
8%
1980 - Protestation contre l'invasion de l'Afghanistan par l'URSS T Thaïlande
8%
1976 - A cause de la présence de la Nouvelle-Zélande qui est accusée de soutenir l'apartheid C Centrafrique
4%
1980 - Protestation contre l'invasion de l'Afghanistan par l'URSS C Centrafrique
4%
1976 - A cause de la présence de la Nouvelle-Zélande qui est accusée de soutenir l'apartheid R RD Congo
4%
Aucun quiz correspondant
Distribution des résultats
% des personnes avec chaque résultat
Percentile par nombre de réponses
Votre historique - résultats
Vous n’avez pas pris ce quiz